000 00782nam0a22002531 4500
001 rc\4643898
005 20250611213555.0
021 _aRU
_bРг4901-65
035 _a(NLR Aleph) 008409802
090 _a9289225
_c9289225
100 _a20130416d1965 |||y0rusy50 ca
101 0 _arus
102 _aRU
105 _aa z |||||
200 1 _aТапки-лапки
_e[Книжка-картинка]
_f[Худож. Б. Жутовский]
210 _a[Москва]
_cМалыш
_d1965
215 _a1 л., слож. в [10] с.
_cил.
_d10
700 1 _aСмольников
_bИ.Ф.
_f1930-
_gИгорь Федорович
702 1 _aЖутовский
_bБ.
_4440
801 0 _aRU
_bNLR
_gpsbo
801 1 _aRU
_bELAR
_2rusmarc
852 _aNLR
_j65-1/477
942 _cBOOK
980 _aNB